000 01089nam a22003257a 4500
003 CHAP
005 20220817042638.0
008 971013s1980 r 00010 d
010 _a50912
011 _a51884
035 _a56034
040 _cCHAP
090 _aFolleto 10699
100 0 0 _aRodríguez Mendoza, Jerónimo.
_998694
245 _aAnálisis agropecuario del estado de Baja California Sur
260 _aMéxico, D. F. :
_bDirección General de Economía Agrícola,
_c1980
300 _a27 p.
_b: mapas
490 _aEconotecnia Agrícola
_v; v.4; 4
590 _aBATCH-UPD
_b10
_c20130110
_lUCH01
_h0226
590 _aBATCH-UPD
_b10
_c20130110
_lUCH01
_h1911
590 _aBATCH-UPD
_b10
_c20130410
_lUCH01
_h1238
590 _aBATCH-UPD
_b10
_c20130914
_lUCH01
_h1233
590 _aCONVERSION
_b10
_c20130109
_lUCH01
_h1328
650 1 4 _aAgricultura
_xBaja California Sur.
_91317
650 1 4 _aGanadería
_xBaja California Sur.
_944658
830 0 _aEconotecnia agricola
_v; v.4; 4
901 _aBK
942 _cFOLL
949 _aFolleto 10699
_bBC
_cFOLL
_d-122576
_eTS1
_i56034
_si
999 _c50912
_d50912